000 01372nam a2200229 a 4500
001 000000587
005 20240308073617.0
008 081209s1988 dr ac 000 0 spa d
040 _aDO-SdBNP
_bspa
_cBNPHU
082 _a299.675
_bD325v, 1988
100 1 _aDeive, Carlos Esteban,
_d1935-2019
_91916
245 1 0 _aVodú y magia en Santo Domingo /
_cCarlos Esteban Deive.
250 _a2a ed.
260 _aSanto Domingo :
_bFundación Cultural Dominicana,
_c1988.
300 _a427 p. :
_bil., retrs. ;
_c23 cm.
505 0 _tPresentación --
_tIntroducción --
_tUna ojeada al concepto de magia y religión --
_tLa esclavitud negra --
_tA la búsqueda de los orígenes tribales --
_tEl encuentro de las razas --
_tEl mundo insólito del vodú --
_tEl vodú dominicano --
_tEl ritual luasista --
_tVodú y catolicismo --
_tEn los dominios de la hechicería --
_tModalidades de la magia blanca --
_tOraciones mágico-religiosas --
_tMedicina popular y curanderismo --
_tEl devenir y la muerte --
_tEl contexto socioecónomico del vodú y la magia --
_tVodú y magia en la literatura dominicana --
_tGlosario de voces --
_tBibliografía general --
_tÍndice de nombres y lugares geográficos.
590 _aInventariado, 2018/VM
650 4 _aVudú
_91917
650 4 _aMagia
_zRepública Dominicana
_91918
650 4 _aMedicina tradicional
_91919
910 _aValidado. Control de calidad. MFF
999 _c585
_d585